[Event "FRA-chT 0102 U18"]
[Site "France"]
[Date "2002.??.??"]
[Round "5.9"]
[White "Klipper, Noemie"]
[Black "Belli, Florian"]
[Result "1-0"]
[WhiteElo "1310"]
[BlackElo "1350"]
[PlyCount "41"]
[EventDate "2001.10.??"]
[EventType "team"]
[EventRounds "11"]
[EventCountry "FRA"]
[SourceTitle "EXT 2003"]
[Source "ChessBase"]
[SourceDate "2002.11.25"]
[SourceVersion "1"]
[SourceVersionDate "2002.11.25"]
[SourceQuality "1"]
[WhiteTeam "Vandoeuvre"]
[BlackTeam "Livry Gargan"]
[WhiteTeamCountry "FRA"]
[BlackTeamCountry "FRA"]

1. e4 e5 2. Nf3 Nc6 3. Bc4 Bc5 4. Nc3 Nf6 5. d3 d6 6. Bg5 0-0 7. Nd5 Bg4 8. Qd2 Bb4 9. c3 Bc5 10. Bxf6 gxf6 11. Qh6 Kh8 12. Nxf6 Qxf6 13. Qxf6+ Kg8 14. Qg5+ Kh8 15. Qxg4 Rg8 16. Ng5 Raf8 17. Qh4 Rg7 18. 0-0-0 Rfg8 19. Nxf7+ Rxf7 20. Bxf7 Rf8 21. Qf6# 1-0

[Event "FRA-chT 0102 U18"]
[Site "France"]
[Date "2001.11.??"]
[Round "2.7"]
[White "Belli, Florian"]
[Black "Coriat, Adrien"]
[Result "1-0"]
[WhiteElo "1350"]
[BlackElo "1230"]
[PlyCount "65"]
[EventDate "2001.10.??"]
[EventType "team"]
[EventRounds "11"]
[EventCountry "FRA"]
[SourceTitle "EXT 2003"]
[Source "ChessBase"]
[SourceDate "2002.11.25"]
[SourceVersion "1"]
[SourceVersionDate "2002.11.25"]
[SourceQuality "1"]
[WhiteTeam "Livry Gargan"]
[BlackTeam "Clichy"]
[WhiteTeamCountry "FRA"]
[BlackTeamCountry "FRA"]

1. e4 c6 2. Nc3 d5 3. d3 e5 4. Nf3 Nd7 5. exd5 cxd5 6. Nxd5 Ngf6 7. Nc3 Bb4 8. Be2 Qc7 9. Bd2 0-0 10. 0-0 Bxc3 11. Bxc3 e4 12. dxe4 Nxe4 13. Bd3 Nef6 14. Qe2 Ng4 15. Qe4 Ndf6 16. Qe2 b6 17. Be5 Nxe5 18. Nxe5 Re8 19. Rfe1 Bg4 20. Qe3 Bh5 21. f3 Re6 22. Re2 Nd5 23. Qe4 Nf6 24. Qxa8+ Re8 25. Qc6 Qe7 26. Ng6 Qd8 27. Rxe8+ Nxe8 28. Nf4 Bg6 29. Nxg6 fxg6 30. Bc4+ Kh8 31. Kf2 Qd2+ 32. Kg3 Qxc2 33. Qxe8# 1-0